[Event "Portugal Open 2020"]
[Site "Lisboa POR"]
[Date "2020.01.26"]
[Round "2.50"]
[White "Fanha, Paulo"]
[Black "Fróis, António"]
[Result "0-1"]
[WhiteElo "1766"]
[BlackElo "2273"]
[WhiteFideId "1902148"]
[BlackFideId "1900080"]
[WhiteTitle "CM"]
[BlackTitle "IM"]
[WhiteCountry "POR"]
[BlackCountry "POR"]
[PlyCount "100"]
[EventDate "2020.01.25"]

1. e4 Nf6 2. e5 Nd5 3. Nc3 Nb6 4. d4 d6 5. Bf4 Nc6 6. Nf3 Bg4 7. Be2 e6 8. O-O
Be7 9. a3 O-O 10. Ne4 dxe5 11. dxe5 Bxf3 12. gxf3 Nd7 13. Qd3 Ndxe5 14. Qc3 Ng6
15. Be3 Qd5 16. Rad1 Qh5 17. Kh1 Rfd8 18. Rg1 Qe5 19. Qxe5 Ncxe5 20. f4 Nd7 21.
Ng3 Nh4 22. Bd3 Nc5 23. Nh5 g6 24. Bxc5 Bxc5 25. Nf6+ Kg7 26. Ne4 Bd6 27. Nxd6
Rxd6 28. Be4 Rad8 29. Rd3 Rxd3 30. Bxd3 Rd4 31. Rg3 Rxf4 32. Kg1 h5 33. Kf1 Nf5
34. Kg2 Nh4+ 35. Kf1 b6 36. Be2 Nf5 37. Rc3 c5 38. Rd3 Rd4 39. c3 Rxd3 40. Bxd3
Kf6 41. Bb5 g5 42. Ke2 Ke5 43. Be8 Nd6 44. Bc6 f5 45. b4 g4 46. bxc5 bxc5 47.
Kd3 h4 48. Ke3 f4+ 49. Ke2 f3+ 50. Kd3 Kf4 0-1

[Event "Portugal Open 2020"]
[Site "Lisboa POR"]
[Date "2020.01.26"]
[Round "2.51"]
[White "Costa, Paulo"]
[Black "Sakthivel, Heamish Kanha"]
[Result "1/2-1/2"]
[WhiteElo "2179"]
[BlackElo "1584"]
[WhiteFideId "1900900"]
[BlackFideId "25644890"]
[WhiteTitle "NM"]
[BlackTitle " "]
[WhiteCountry "POR"]
[BlackCountry "IND"]
[PlyCount "62"]
[EventDate "2020.01.25"]

1. Nf3 Nf6 2. g3 d5 3. Bg2 c6 4. O-O Bf5 5. d3 h6 6. c4 e6 7. cxd5 cxd5 8. Nc3
Be7 9. Qb3 Qc8 10. Bf4 a6 11. Na4 Nbd7 12. Rac1 Qd8 13. Qxb7 O-O 14. Nd4 Qe8 15.
e4 dxe4 16. dxe4 Bh7 17. Nc6 Kh8 18. Rfd1 e5 19. Be3 a5 20. Nxe7 Qxe7 21. Bc5
Qe6 22. Bxf8 Rxf8 23. b3 h5 24. Rc6 Qg4 25. f3 Qg5 26. Rxd7 Qe3+ 27. Kf1 Bxe4
28. Rdd6 Ng4 29. fxg4 Bxg2+ 30. Kxg2 Qe2+ 31. Kg1 Qe1+ 1/2-1/2

[Event "Portugal Open 2020"]
[Site "Lisboa POR"]
[Date "2020.01.26"]
[Round "2.52"]
[White "Krzywda, Andrzej"]
[Black "Oliveira, António Augusto"]
[Result "1-0"]
[WhiteElo "2178"]
[BlackElo "1568"]
[WhiteFideId "1114565"]
[BlackFideId "1943235"]
[WhiteTitle "CM"]
[WhiteCountry "POL"]
[BlackCountry "POR"]
[PlyCount "85"]
[EventDate "2020.01.25"]

1. d4 d5 2. c4 c6 3. cxd5 cxd5 4. Bf4 Nf6 5. e3 e6 6. Nc3 Qa5 7. Bd3 Nc6 8. Nf3
Be7 9. O-O a6 10. Rc1 O-O 11. Ne5 Qd8 12. Nxc6 bxc6 13. Na4 Bb7 14. Qb3 Rb8 15.
Bxb8 Qxb8 16. Nc5 Bxc5 17. Rxc5 Ne4 18. f4 Qc7 19. h3 Nf6 20. Qc2 Nd7 21. Rc3 g6
22. b4 Qd6 23. Qe2 Ra8 24. Rfc1 Ra7 25. a3 Qe7 26. e4 Qf6 27. Qe3 Qd8 28. e5 Qh4
29. Qf2 Qd8 30. Rf1 a5 31. f5 exf5 32. Bxf5 Qe7 33. Bxd7 Qxd7 34. Rf3 Ba6 35.
Re1 Qe7 36. Rf6 Bb5 37. e6 fxe6 38. Rfxe6 Qf7 39. Rf6 Qd7 40. Rf8+ Kg7 41. Qf6+
Kh6 42. g4 axb4 43. Re5 1-0

[Event "Portugal Open 2020"]
[Site "Lisboa POR"]
[Date "2020.01.26"]
[Round "2.53"]
[White "Nunes, Adelino"]
[Black "Guerreiro, Nuno"]
[Result "0-1"]
[WhiteElo "1544"]
[BlackElo "2071"]
[WhiteFideId "1908111"]
[BlackFideId "1903012"]
[WhiteCountry "POR"]
[BlackCountry "POR"]
[PlyCount "72"]
[EventDate "2020.01.25"]

1. e4 Nc6 2. Nf3 Nf6 3. d3 e5 4. g3 d5 5. exd5 Nxd5 6. Bg2 Bd6 7. a3 a5 8. O-O
O-O 9. c4 Nde7 10. Nc3 Nf5 11. b3 Nfd4 12. Nxd4 Nxd4 13. Be3 Nf5 14. Qd2 c6 15.
Ne4 Be7 16. Bc5 Nd4 17. Bxd4 Qxd4 18. Qc3 Rd8 19. Qxd4 Rxd4 20. Rfd1 Bf5 21. Ra2
Rad8 22. f3 Rxd3 23. Rxd3 Rxd3 24. b4 a4 25. c5 Be6 26. Ra1 f5 27. Nf2 Rb3 28.
h3 Bd5 29. g4 g6 30. gxf5 gxf5 31. f4 Rg3 32. fxe5 Rxg2+ 33. Kf1 Bh4 34. Nd3 Rh2
35. Rd1 Bf3 36. Nf2 Rxf2+ 0-1

[Event "Portugal Open 2020"]
[Site "Lisboa POR"]
[Date "2020.01.26"]
[Round "2.54"]
[White "Lopes, João Pedro"]
[Black "Reis, Fátima"]
[Result "1-0"]
[WhiteElo "2030"]
[BlackElo "1519"]
[WhiteFideId "1902210"]
[BlackFideId "10100423"]
[BlackTitle "WCM"]
[WhiteCountry "POR"]
[BlackCountry "ANG"]
[PlyCount "55"]
[EventDate "2020.01.25"]

1. c4 Nc6 2. d4 e6 3. d5 exd5 4. cxd5 Ne5 5. f4 Ng4 6. e3 Bb4+ 7. Nc3 d6 8. Qa4+
Bd7 9. Qxb4 b6 10. Nf3 Ne7 11. h3 Nf6 12. e4 c5 13. dxc6 Bxc6 14. Bb5 O-O 15.
O-O Qc7 16. Rd1 Rad8 17. Be3 Bxb5 18. Qxb5 Nd7 19. Rac1 Qb8 20. e5 a6 21. Qxa6
dxe5 22. fxe5 Nxe5 23. Nxe5 Qxe5 24. Qxb6 Rxd1+ 25. Rxd1 Nf5 26. Bf2 h6 27. Rd8
Qf4 28. Rxf8+ 1-0

[Event "Portugal Open 2020"]
[Site "Lisboa POR"]
[Date "2020.01.26"]
[Round "2.55"]
[White "Gomes, Tiago Miguel"]
[Black "Guia, Artur"]
[Result "0-1"]
[WhiteElo "1182"]
[BlackElo "1928"]
[WhiteFideId "1936204"]
[BlackFideId "1946781"]
[WhiteCountry "POR"]
[BlackCountry "POR"]
[PlyCount "38"]
[EventDate "2020.01.25"]

1. e4 c5 2. Nc3 Nc6 3. Bb5 g6 4. Nf3 Bg7 5. O-O d6 6. d3 Bd7 7. Bd2 e6 8. Rb1
Nge7 9. Qc1 O-O 10. Bh6 Nd4 11. Nxd4 cxd4 12. Bxd7 Qxd7 13. Bxg7 Kxg7 14. Ne2
Qa4 15. a3 Rac8 16. b3 Qa5 17. Nxd4 Qc5 18. Qb2 e5 19. b4 Qxd4 0-1

[Event "Portugal Open 2020"]
[Site "Lisboa POR"]
[Date "2020.01.26"]
[Round "2.56"]
[White "Fernandes, Afonso"]
[Black "Martins, Domingos"]
[Result "1-0"]
[WhiteElo "1905"]
[BlackElo "1332"]
[WhiteFideId "1914138"]
[BlackFideId "1947389"]
[WhiteCountry "POR"]
[BlackCountry "POR"]
[PlyCount "85"]
[EventDate "2020.01.25"]

1. d4 d5 2. Bf4 Nc6 3. e3 Bf5 4. c3 Nf6 5. Nf3 Ne4 6. Bd3 h6 7. h4 Qd7 8. Qc2
Nxf2 9. Bxf5 e6 10. Bxe6 Qxe6 11. Qxf2 Bd6 12. Bxd6 Qxd6 13. O-O O-O-O 14. Nbd2
Kb8 15. e4 g5 16. e5 Qg6 17. Qg3 g4 18. Nh2 h5 19. Nb3 Ne7 20. Qf4 Nf5 21. Qxf5
g3 22. Qxg6 gxh2+ 23. Kxh2 fxg6 24. Rf6 Rdg8 25. Raf1 a6 26. e6 Re8 27. Rxg6 Ka7
28. Rf7 Kb6 29. e7+ c6 30. Rgf6 Kb5 31. Rf8 Rxe7 32. Rxh8 Re2 33. Rxh5 Rxb2 34.
Rh7 b6 35. h5 a5 36. h6 a4 37. Nc1 a3 38. Ra7 c5 39. h7 c4 40. Rb7 Ka5 41. Rbxb6
Rxb6 42. Rxb6 Kxb6 43. h8=Q 1-0

[Event "Portugal Open 2020"]
[Site "Lisboa POR"]
[Date "2020.01.26"]
[Round "2.59"]
[White "Kurylski, Leonardo"]
[Black "Miranda, Raúl"]
[Result "1-0"]
[WhiteElo "1980"]
[BlackElo "1662"]
[WhiteFideId "1928988"]
[BlackFideId "1960660"]
[WhiteCountry "POR"]
[BlackCountry "POR"]
[PlyCount "59"]
[EventDate "2020.01.25"]

1. d4 d5 2. Nc3 Bf5 3. f3 e6 4. e4 dxe4 5. fxe4 Bg6 6. Nf3 Bb4 7. Bd3 Nc6 8. a3
Ba5 9. b4 Bb6 10. Ne2 Bh5 11. c3 Bxf3 12. gxf3 Qh4+ 13. Ng3 O-O-O 14. Bb2 Nh6
15. Qe2 f5 16. O-O-O f4 17. Nf1 Rhf8 18. Nd2 e5 19. d5 Ne7 20. c4 Bd4 21. Bxd4
exd4 22. Nb3 Qf6 23. e5 Qa6 24. Kb2 Nhf5 25. d6 cxd6 26. c5 Qc6 27. exd6 Nd5 28.
Qe6+ Kb8 29. Bxf5 Rde8 30. Nxd4 1-0

[Event "Portugal Open 2020"]
[Site "Lisboa POR"]
[Date "2020.01.26"]
[Round "2.60"]
[White "Martins, José Carlos"]
[Black "Graf, Peter"]
[Result "1/2-1/2"]
[WhiteElo "1667"]
[BlackElo "1900"]
[WhiteFideId "1946005"]
[BlackFideId "12969400"]
[WhiteCountry "POR"]
[BlackCountry "GER"]
[PlyCount "66"]
[EventDate "2020.01.25"]

1. Nf3 b5 2. e4 Bb7 3. e5 a6 4. d4 e6 5. Bd3 f5 6. O-O Be7 7. c4 bxc4 8. Bxc4
Nc6 9. Nc3 Na5 10. Be2 d5 11. Qa4+ Nc6 12. Ne1 Qd7 13. Nd3 Rb8 14. Rb1 Nb4 15.
Qxd7+ Kxd7 16. Nxb4 Bxb4 17. a3 Bxc3 18. bxc3 Ne7 19. a4 Bc6 20. Ba3 Bxa4 21.
Bxe7 Kxe7 22. Bxa6 Bc2 23. Rbc1 Rb2 24. f3 Ra8 25. Rf2 Rxa6 26. Rfxc2 Rxc2 27.
Rxc2 Ra1+ 28. Kf2 f4 29. g3 g5 30. gxf4 gxf4 31. Kg2 h5 32. Kh3 Rf1 33. Kg2 Ra1
1/2-1/2

[Event "Portugal Open 2020"]
[Site "Lisboa POR"]
[Date "2020.01.26"]
[Round "2.61"]
[White "Pena Barbeito, Rodrigo"]
[Black "Atakay, Mustafa"]
[Result "0-1"]
[WhiteElo "1658"]
[BlackElo "1886"]
[WhiteFideId "22228055"]
[BlackFideId "2071274"]
[WhiteCountry "ESP"]
[BlackCountry "USA"]
[PlyCount "118"]
[EventDate "2020.01.25"]

1. e4 c6 2. d4 d5 3. e5 Bf5 4. Nf3 e6 5. Bd3 Bxd3 6. Qxd3 Nd7 7. O-O Ne7 8. c3
Qb6 9. b3 c5 10. Be3 Nf5 11. Nbd2 cxd4 12. cxd4 Ba3 13. Ne1 Rc8 14. Rb1 Bb4 15.
Ndf3 O-O 16. Nc2 Rc3 17. Qd1 Be7 18. Bd2 Rc6 19. b4 Rfc8 20. Rc1 Qa6 21. a3 Qd3
22. Nfe1 Qb3 23. Rb1 Qa4 24. Rc1 Nb6 25. g4 Nxd4 26. Nxd4 Rxc1 27. Qxa4 Nxa4 28.
Bxc1 Rxc1 29. Nec2 Rxf1+ 30. Kxf1 Nb6 31. f4 Nc4 32. Ke2 Kf8 33. Nf3 Bd8 34. a4
a5 35. bxa5 Bxa5 36. Ncd4 Nb2 37. Nb3 Bb4 38. f5 Ke7 39. Nfd4 Nxa4 40. g5 exf5
41. Nxf5+ Ke6 42. Nxg7+ Kxe5 43. Nc1 Be7 44. Nd3+ Ke4 45. Nf2+ Kf4 46. h4 Nc5
47. Nh5+ Kf5 48. Ng3+ Ke6 49. Nh3 Bd6 50. Nf1 b5 51. Ne3 b4 52. h5 b3 53. Nd1
Na4 54. Kd2 b2 55. Kc2 Kf5 56. Ne3+ Ke4 57. Nd1 Be5 58. g6 fxg6 59. Ng5+ Kf5 0-1

[Event "Portugal Open 2020"]
[Site "Lisboa POR"]
[Date "2020.01.26"]
[Round "2.62"]
[White "Monteiro, José"]
[Black "Dong, Rafael"]
[Result "1-0"]
[WhiteElo "1881"]
[BlackElo "1656"]
[WhiteFideId "1908057"]
[BlackFideId "1958038"]
[WhiteCountry "POR"]
[BlackCountry "POR"]
[PlyCount "89"]
[EventDate "2020.01.25"]

1. e4 c6 2. d4 d5 3. exd5 cxd5 4. Bd3 Nc6 5. c3 Nf6 6. Bf4 Bg4 7. Qb3 Qd7 8. Nd2
e6 9. Ngf3 Bd6 10. Ne5 Qc7 11. Bb5 a6 12. Qa4 Bxe5 13. Bxe5 Qd8 14. Bd3 b5 15.
Qc2 Nxe5 16. dxe5 Nd7 17. a4 Nxe5 18. axb5 Nxd3+ 19. Qxd3 Bf5 20. Qe2 axb5 21.
Qxb5+ Ke7 22. Qb4+ Kf6 23. O-O Qb8 24. Qh4+ g5 25. Qh6+ Bg6 26. Rxa8 Qxa8 27.
Nf3 Qa2 28. Qxg5+ Kg7 29. Qe5+ Kg8 30. b4 h6 31. Nh4 Kh7 32. Nxg6 fxg6 33. Qxe6
Rg8 34. h3 Qb3 35. Qe5 h5 36. f4 Qa2 37. f5 gxf5 38. Qxf5+ Kh6 39. Qf4+ Kh7 40.
Qf3 Kh6 41. Re1 Qd2 42. Re6+ Rg6 43. Qf8+ Kg5 44. h4+ Kxh4 45. Rxg6 1-0

[Event "Portugal Open 2020"]
[Site "Lisboa POR"]
[Date "2020.01.26"]
[Round "2.63"]
[White "Azinheira, André"]
[Black "Santos, Júlio"]
[Result "0-1"]
[WhiteElo "1634"]
[BlackElo "1880"]
[WhiteFideId "1931920"]
[BlackFideId "1900650"]
[BlackTitle "NM"]
[WhiteCountry "POR"]
[BlackCountry "POR"]
[PlyCount "80"]
[EventDate "2020.01.25"]

1. e4 e5 2. Nf3 Nc6 3. d4 exd4 4. Bc4 d6 5. Nxd4 Nxd4 6. Qxd4 Qf6 7. Be3 Qg6 8.
Nc3 c6 9. O-O-O Be6 10. Bxe6 Qxe6 11. Rhe1 f6 12. Bf4 Be7 13. Qb4 O-O-O 14. Qa5
a6 15. Rd4 Rd7 16. Red1 Nh6 17. Bxh6 gxh6 18. Kb1 Rg8 19. g3 Rg5 20. Qb6 Kb8 21.
Rb4 Bd8 22. Qe3 Qh3 23. f4 Rh5 24. Rh1 Qg2 25. Qe1 Rxh2 26. Rxh2 Qxh2 27. Rd4
Rg7 28. e5 d5 29. Rd2 Qh3 30. e6 Re7 31. Re2 Kc7 32. Qf2 Rxe6 33. Rd2 f5 34. a3
Be7 35. Na4 Qh1+ 36. Ka2 Qe4 37. Qb6+ Kb8 38. Nc5 Qc4+ 39. Nb3 Rg6 40. c3 c5 0-1

[Event "Portugal Open 2020"]
[Site "Lisboa POR"]
[Date "2020.01.26"]
[Round "2.64"]
[White "Pipiras, Filipa"]
[Black "Gonçalves, Carlos"]
[Result "1-0"]
[WhiteElo "1876"]
[BlackElo "1638"]
[WhiteFideId "1944894"]
[BlackFideId "1912879"]
[WhiteCountry "POR"]
[BlackCountry "POR"]
[PlyCount "119"]
[EventDate "2020.01.25"]

1. d4 Nf6 2. c4 g6 3. Nc3 d5 4. cxd5 Nxd5 5. Bd2 Bg7 6. e4 Nf6 7. Nf3 c6 8. h3
O-O 9. Be2 Qb6 10. Qc1 Rd8 11. O-O Nbd7 12. Be3 Qa5 13. a3 e5 14. b4 Qc7 15. Rd1
exd4 16. Nb5 Qb6 17. Bxd4 Qa6 18. Nc3 b5 19. a4 Qb7 20. axb5 cxb5 21. e5 Ne8 22.
Bxb5 Nf8 23. Bd3 Bf5 24. Bxf5 gxf5 25. Bc5 Rxd1+ 26. Qxd1 Ne6 27. Qc2 a6 28. Rb1
Qc6 29. Qxf5 Nxc5 30. bxc5 Qxc5 31. Ne4 Qe7 32. Rd1 Rd8 33. Rxd8 Qxd8 34. Neg5
Qd5 35. Qxh7+ Kf8 36. h4 f6 37. exf6 Nxf6 38. Qc2 Ke7 39. Qe2+ Kd7 40. Qxa6 Qd1+
41. Qf1 Qxf1+ 42. Kxf1 Ng4 43. g3 Ke7 44. Kg2 Kd6 45. Nh2 Nxh2 46. Kxh2 Bb2 47.
f4 Ke7 48. Kg2 Kf6 49. Kf3 Kg6 50. g4 Ba1 51. f5+ Kf6 52. Ne4+ Kg7 53. g5 Bb2
54. h5 Be5 55. Kg4 Kf7 56. h6 Kg8 57. g6 Kh8 58. Ng5 Bf6 59. Nf7+ Kg8 60. h7+
1-0

[Event "Portugal Open 2020"]
[Site "Lisboa POR"]
[Date "2020.01.26"]
[Round "2.65"]
[White "Barros, Luís"]
[Black "Twardowski, Hubert"]
[Result "0-1"]
[WhiteElo "1619"]
[BlackElo "1875"]
[WhiteFideId "23600110"]
[BlackFideId "1190415"]
[WhiteCountry "CPV"]
[BlackCountry "POL"]
[PlyCount "88"]
[EventDate "2020.01.25"]

1. e4 c5 2. Nf3 Nc6 3. d4 cxd4 4. Nxd4 e5 5. Nxc6 bxc6 6. Bc4 Bc5 7. Qh5 Qe7 8.
Be3 Bxe3 9. fxe3 Nf6 10. Qf3 Qb4+ 11. Nd2 O-O 12. Bb3 d5 13. c3 Qb6 14. O-O Ba6
15. Rf2 Bd3 16. Qg3 Nxe4 17. Nxe4 Bxe4 18. Qxe5 Rae8 19. Qd4 c5 20. Qd2 c4 21.
Ba4 Re7 22. Re1 Bd3 23. Rf4 Rb8 24. b3 Re5 25. Qf2 Rb7 26. Qg3 Rbe7 27. Rd4 h6
28. Qf2 f5 29. Qd2 f4 30. bxc4 dxc4 31. Rxf4 Rxe3 32. Rxe3 Rxe3 33. Rd4 Qb1+ 34.
Bd1 Re2 35. Rd8+ Kh7 36. Rb8 Rxd2 37. Rxb1 Bxb1 38. Bf3 Rxa2 39. h4 Bd3 40. Kh2
a5 41. Kg3 a4 42. Kf4 a3 43. Be4+ Bxe4 44. Ke5 Rd2 0-1

[Event "Portugal Open 2020"]
[Site "Lisboa POR"]
[Date "2020.01.26"]
[Round "2.66"]
[White "Hendrix, Joachim"]
[Black "Dong, Fábio"]
[Result "1-0"]
[WhiteElo "1868"]
[BlackElo "1623"]
[WhiteFideId "12958557"]
[BlackFideId "1958020"]
[WhiteCountry "GER"]
[BlackCountry "POR"]
[PlyCount "67"]
[EventDate "2020.01.25"]

1. g3 d5 2. d3 Nf6 3. Bg2 Bf5 4. Nd2 c6 5. e4 Bg6 6. Qe2 e6 7. Ngf3 Be7 8. Ne5
O-O 9. O-O Qc7 10. Nxg6 hxg6 11. Nf3 c5 12. e5 Nfd7 13. c4 d4 14. h4 Nc6 15. Bf4
Rfe8 16. Rae1 Rab8 17. Ng5 Bxg5 18. hxg5 a6 19. Qe4 Rec8 20. Bf3 b5 21. b3 bxc4
22. bxc4 Nb4 23. Qe2 Nb6 24. a3 Nc6 25. Qc2 Ne7 26. Kg2 Nf5 27. Rh1 Kf8 28. g4
Ne7 29. Rh8+ Ng8 30. Be4 Ke7 31. Rh7 Kf8 32. Reh1 Re8 33. Qe2 Na4 34. Qf3 1-0

[Event "Portugal Open 2020"]
[Site "Lisboa POR"]
[Date "2020.01.26"]
[Round "2.67"]
[White "Dias, José"]
[Black "Morais, Vítor"]
[Result "0-1"]
[WhiteElo "1593"]
[BlackElo "1864"]
[WhiteFideId "1923943"]
[BlackFideId "1900552"]
[BlackTitle "NM"]
[WhiteCountry "POR"]
[BlackCountry "POR"]
[PlyCount "140"]
[EventDate "2020.01.25"]

1. d4 d5 2. Bf4 Nc6 3. Nf3 Bg4 4. Nbd2 e6 5. c3 Bd6 6. Ne5 Bxe5 7. dxe5 Nge7 8.
h3 Bh5 9. g4 Bg6 10. Qb3 O-O 11. Bg2 Qd7 12. O-O Rab8 13. a4 a6 14. a5 h6 15.
Qa4 Bh7 16. b4 Ng6 17. Bg3 Ncxe5 18. Qxd7 Nxd7 19. Bxc7 Rbc8 20. Bd6 Rfd8 21.
Rfc1 Nde5 22. Bc5 Nf4 23. Bf1 Rd7 24. Bd4 Nc4 25. Nf3 f6 26. Ra2 e5 27. Bc5 Ne6
28. Ba7 Nd6 29. e3 Rdc7 30. Ra3 Ne4 31. Bb6 Rxc3 32. Rcxc3 Rxc3 33. Rxc3 Nxc3
34. Nd2 Bc2 35. Kg2 Kf7 36. Kg3 Ke7 37. Bg2 Kd6 38. f4 exf4+ 39. exf4 Ne2+ 40.
Kf2 N2xf4 41. Bf1 Bd3 42. Bg2 Nxg2 43. Kxg2 Kc6 44. Nb3 Kb5 45. Nc5 Be4+ 46. Kf2
Ng5 47. h4 Nf3 48. h5 Ne5 49. Nxb7 Nxg4+ 50. Kg3 Ne5 51. Bc5 g6 52. Nd6+ Kc6 53.
hxg6 Nxg6 54. Ne8 f5 55. Nf6 Ne5 56. Bf8 Nd3 57. Nh5 Kb5 58. Bxh6 Nxb4 59. Bd2
Kxa5 60. Nf6 Kb5 61. Nd7 a5 62. Ne5 a4 63. Bc3 a3 64. Kf2 a2 65. Ke2 Nc2 66. Nd3
Bxd3+ 67. Kxd3 a1=Q 68. Bxa1 Nxa1 69. Kd4 f4 70. Kxd5 f3 0-1

[Event "Portugal Open 2020"]
[Site "Lisboa POR"]
[Date "2020.01.26"]
[Round "2.68"]
[White "Marcos Herrero, Francisco"]
[Black "Rocha, Pedro Daniel"]
[Result "1/2-1/2"]
[WhiteElo "1861"]
[BlackElo "1615"]
[WhiteFideId "2279045"]
[BlackFideId "1943278"]
[WhiteCountry "ESP"]
[BlackCountry "POR"]
[PlyCount "95"]
[EventDate "2020.01.25"]

1. Nf3 c5 2. c4 Nc6 3. g3 g6 4. Bg2 Bg7 5. O-O e6 6. Nc3 Nge7 7. b3 O-O 8. Bb2
d6 9. e3 a6 10. Qe2 b5 11. d3 Rb8 12. Ne4 e5 13. Nc3 b4 14. Nd5 Nxd5 15. cxd5
Ne7 16. Nd2 Bb7 17. e4 a5 18. Nc4 Ba6 19. f4 Bxc4 20. dxc4 f6 21. Bh3 Kh8 22.
Rf3 Ng8 23. Raf1 Qe7 24. Be6 Nh6 25. Bc1 Rbc8 26. fxe5 fxe5 27. Qg2 Rxf3 28.
Rxf3 Rf8 29. Qf2 Rxf3 30. Qxf3 Ng8 31. Bxg8 Kxg8 32. Qg4 Qf8 33. Kg2 h6 34. h4
h5 35. Qf3 a4 36. Bg5 a3 37. g4 Qf7 38. Qh3 Qd7 39. Kg3 Bf8 40. Kf3 Kg7 41. Qg2
Kh7 42. gxh5 gxh5 43. Ke2 Be7 44. Kf3 Bd8 45. Qg3 Qf7+ 46. Kg2 Bxg5 47. Qxg5 Qg6
48. Qxg6+ 1/2-1/2

[Event "Portugal Open 2020"]
[Site "Lisboa POR"]
[Date "2020.01.26"]
[Round "2.69"]
[White "Oliveira, Fernando Alves"]
[Black "Coelho, Pedro"]
[Result "0-1"]
[WhiteElo "1574"]
[BlackElo "1856"]
[WhiteFideId "1947869"]
[BlackFideId "1905694"]
[WhiteCountry "POR"]
[BlackCountry "POR"]
[PlyCount "100"]
[EventDate "2020.01.25"]

1. d4 d5 2. e3 Nf6 3. Bd3 g6 4. Nd2 c6 5. Ne2 Nbd7 6. c3 Bg7 7. Ng3 Qc7 8. O-O
e5 9. Re1 e4 10. Be2 Nb6 11. c4 h5 12. cxd5 cxd5 13. Bb5+ Bd7 14. Bxd7+ Qxd7 15.
Nb3 h4 16. Nc5 Qc7 17. Ne2 Nbd7 18. Qa4 Qc6 19. Bd2 Nxc5 20. Qxc6+ bxc6 21. dxc5
Nd7 22. Rab1 Nxc5 23. Rec1 Nd3 24. Rxc6 O-O 25. Bc3 Rfc8 26. Rd6 Rd8 27. Rxd8+
Rxd8 28. Bxg7 Kxg7 29. b4 Rc8 30. Nd4 Nxb4 31. a4 Nd3 32. h3 Rc4 33. a5 Rc5 34.
Ra1 a6 35. Kf1 Ne5 36. Nb3 Rb5 37. Nd4 Rb2 38. Ne2 Nd3 39. f3 f5 40. fxe4 dxe4
41. Nd4 Kf6 42. Kg1 Rb7 43. Nc6 Rb2 44. Nd4 Ke5 45. Rf1 f4 46. Nc6+ Kd6 47. Nd4
fxe3 48. Rf6+ Ke5 49. Rxa6 Kxd4 50. Rxg6 e2 0-1

[Event "Portugal Open 2020"]
[Site "Lisboa POR"]
[Date "2020.01.26"]
[Round "2.70"]
[White "Reis, Luis"]
[Black "Lages, Duarte"]
[Result "1-0"]
[WhiteElo "1855"]
[BlackElo "1548"]
[WhiteFideId "1901940"]
[BlackFideId "2161680"]
[WhiteCountry "POR"]
[BlackCountry "POR"]
[PlyCount "27"]
[EventDate "2020.01.25"]

1. e4 c6 2. d4 d5 3. f3 e5 4. dxe5 Be6 5. exd5 Qxd5 6. Qxd5 Bxd5 7. Be3 Nd7 8.
f4 Bb4+ 9. Nd2 Bc5 10. Bxc5 Nxc5 11. c4 Be6 12. b4 Nd7 13. Ne4 O-O-O 14. f5 1-0

[Event "Portugal Open 2020"]
[Site "Lisboa POR"]
[Date "2020.01.26"]
[Round "2.71"]
[White "Santos, Ana P"]
[Black "Silva, Tiago Alexandre"]
[Result "0-1"]
[WhiteElo "1543"]
[BlackElo "1855"]
[WhiteFideId "1921550"]
[BlackFideId "1935321"]
[WhiteCountry "POR"]
[BlackCountry "POR"]
[PlyCount "82"]
[EventDate "2020.01.25"]

1. e4 c5 2. Nf3 Nc6 3. d4 cxd4 4. Nxd4 g6 5. Nc3 Bg7 6. Be3 Nf6 7. Nxc6 bxc6 8.
Bc4 d6 9. Qd2 Ng4 10. Bf4 O-O 11. O-O Ne5 12. Bxe5 Bxe5 13. f4 Bg7 14. Kh1 Rb8
15. Rab1 Qa5 16. Qd3 Bd7 17. Bb3 Bxc3 18. bxc3 c5 19. f5 Bb5 20. Bc4 Bxc4 21.
Qxc4 Qc7 22. Rxb8 Qxb8 23. Qb3 Qxb3 24. cxb3 Rb8 25. g4 Rb6 26. g5 Ra6 27. Rf2
Ra3 28. f6 e6 29. Rd2 Ra6 30. c4 Kf8 31. e5 Ke8 32. exd6 Kd7 33. Kg2 Rxd6 34.
Rxd6+ Kxd6 35. Kf3 Ke5 36. Ke3 Kf5 37. h4 Ke5 38. a3 a5 39. a4 Kf5 40. Kf3 e5
41. Ke3 e4 0-1

[Event "Portugal Open 2020"]
[Site "Lisboa POR"]
[Date "2020.01.26"]
[Round "2.73"]
[White "Almeida, José António"]
[Black "Porteman, Eric"]
[Result "1-0"]
[WhiteElo "1538"]
[BlackElo "1847"]
[WhiteFideId "1958143"]
[BlackFideId "204099"]
[WhiteCountry "POR"]
[BlackCountry "BEL"]
[PlyCount "129"]
[EventDate "2020.01.25"]

1. d4 Nf6 2. Bf4 e6 3. e3 c5 4. c3 Qb6 5. Qb3 cxd4 6. Qxb6 axb6 7. exd4 Be7 8.
Nf3 O-O 9. Bd3 d6 10. Nbd2 Nc6 11. Nc4 Rd8 12. Nxb6 Rb8 13. O-O-O Nh5 14. Bg3
Bd7 15. Rde1 Nf6 16. d5 Nxd5 17. Nxd5 exd5 18. Rxe7 Nxe7 19. Bxd6 Re8 20. Bxb8
Rxb8 21. Nd4 g6 22. Re1 Kf8 23. Bb5 Nc6 24. Nb3 Bf5 25. f3 h5 26. Kd2 Rd8 27.
Nd4 Bd7 28. Bxc6 bxc6 29. b4 Ra8 30. Ra1 Ke7 31. Nb3 Ra3 32. Kc2 Bf5+ 33. Kb2
Ra8 34. a4 Kd6 35. a5 Bd3 36. Re1 Bc4 37. Kc2 Rb8 38. Nd2 Ba6 39. Nb3 Bc4 40.
Nc5 Ra8 41. g4 hxg4 42. fxg4 Rh8 43. Rh1 Be2 44. g5 Bf3 45. Rf1 Rxh2+ 46. Kb3
Be2 47. Rf6+ Ke7 48. b5 Bc4+ 49. Kb4 Rb2+ 50. Ka4 cxb5+ 51. Ka3 Rb1 52. a6 d4
53. cxd4 b4+ 54. Ka4 b3 55. Kb4 Bd5 56. Na4 Ra1 57. Nc3 Be6 58. d5 Bc8 59. Kxb3
Rxa6 60. Rf1 Bf5 61. Kc4 Kd6 62. Kd4 Ra5 63. Re1 Rc5 64. Ra1 Bc2 65. Ra6+ 1-0

[Event "Portugal Open 2020"]
[Site "Lisboa POR"]
[Date "2020.01.26"]
[Round "2.74"]
[White "Taylor, Robert Graham"]
[Black "Ferreira, Miguel Limão"]
[Result "1-0"]
[WhiteElo "1844"]
[BlackElo "1530"]
[WhiteFideId "1800841"]
[BlackFideId "1952137"]
[WhiteCountry "WLS"]
[BlackCountry "POR"]
[PlyCount "65"]
[EventDate "2020.01.25"]

1. Nf3 e6 2. g3 d5 3. Bg2 c5 4. O-O Nf6 5. d3 Nc6 6. Nbd2 Bd7 7. c3 Be7 8. e4
dxe4 9. dxe4 O-O 10. Qc2 Rc8 11. Nc4 b5 12. Ne3 Qb6 13. Rd1 Rfd8 14. b3 Be8 15.
Bb2 Rxd1+ 16. Rxd1 Rd8 17. Rxd8 Qxd8 18. h3 a6 19. Kh2 Qc7 20. Ne1 Ne5 21. f4
Ng6 22. e5 Nd7 23. h4 Nb6 24. Qe4 Bf8 25. c4 Ne7 26. Nf3 Bc6 27. Qd3 Bb7 28. Ng5
g6 29. Ne4 Nf5 30. Nxf5 exf5 31. Nf6+ Kh8 32. e6 Be7 33. Nd5+ 1-0

[Event "Portugal Open 2020"]
[Site "Lisboa POR"]
[Date "2020.01.26"]
[Round "2.75"]
[White "Cavadas, José"]
[Black "Burghardt, Michael"]
[Result "1/2-1/2"]
[WhiteElo "1529"]
[BlackElo "1839"]
[WhiteFideId "1904990"]
[BlackFideId "12961264"]
[WhiteCountry "POR"]
[BlackCountry "GER"]
[PlyCount "46"]
[EventDate "2020.01.25"]

1. d4 d5 2. Nf3 Bf5 3. c4 e6 4. Nc3 c6 5. cxd5 exd5 6. Bg5 Nf6 7. e3 Be7 8. Bd3
Bxd3 9. Qxd3 Nbd7 10. O-O h6 11. Bh4 O-O 12. Rac1 Re8 13. Rfe1 Ne4 14. Nxe4 dxe4
15. Qxe4 g5 16. Bg3 Bb4 17. Qf5 Bxe1 18. Rxe1 Qe7 19. h4 f6 20. h5 Qh7 21. Qxh7+
Kxh7 22. Nd2 Re6 23. Nc4 f5 1/2-1/2

[Event "Portugal Open 2020"]
[Site "Lisboa POR"]
[Date "2020.01.26"]
[Round "2.76"]
[White "Quintino, Luís"]
[Black "Abdurramane, Dánial"]
[Result "1-0"]
[WhiteElo "1839"]
[BlackElo "1499"]
[WhiteFideId "1904086"]
[BlackFideId "1962523"]
[WhiteCountry "POR"]
[BlackCountry "POR"]
[PlyCount "61"]
[EventDate "2020.01.25"]

1. d4 Nf6 2. Bg5 g6 3. Bxf6 exf6 4. c4 Bg7 5. e3 d5 6. c5 b6 7. cxb6 axb6 8. Nc3
O-O 9. Bd3 c5 10. Nge2 f5 11. O-O Nc6 12. Bb5 Na7 13. a4 Nxb5 14. axb5 Bb7 15.
Rxa8 Qxa8 16. Qa1 Rc8 17. Rd1 Qb8 18. dxc5 Rxc5 19. Nd4 f4 20. exf4 Qxf4 21.
Nce2 Qc7 22. Qb1 Be5 23. g3 Bc8 24. Qd3 Bd7 25. Kg2 Qa7 26. Nc3 Bxd4 27. Qxd4
Bxb5 28. Qf6 Qc7 29. Nxd5 Rxd5 30. Re1 Qd7 31. Re7 1-0